00660nam a22001577a 450000500170000000800440001705000210006110000220008224500440010425000180014826000470016630000220021344001600023550500510039565000560044620220928124848.0220928b enk ||||| |||| 00| 0 eng d04aCB63 bT69 1957 1 aToynbee, Arnold  aA study of history /c Arnold Toynbee,  a1a edición  aLondon ; bOxford University Press, c1957 a414 p. ; c23 cm aAbridgement of Volumes VII-X / D. C. Somervell Resumen de los volúmenes VII - X por D. C. Somervell Historia -- Filosofia -- Crítica e interpretación tAbridgement of Volumes VII-X / D. C. Somervell aHistoria xFilosofia xCrítica e interpretación